[Event "Irish New Year Events-IM2 2020"]
[Site "Dublin"]
[Date "2020.01.04"]
[Round "5.11"]
[White "Carroll, Peter"]
[Black "Baburin, Alexander"]
[Result "0-1"]
[WhiteElo "2087"]
[BlackElo "2419"]
[Annotator "NA"]
[PlyCount "48"]
[EventDate "2020.01.02"]
[EventType "tourn"]
[EventCountry "IRL"]
[SourceTitle "playchess.com"]
[Source "ChessBase"]
[SourceQuality "1"]
[TimeControl "5400+30"]

1. d4 {[%emt 0:00:00]} d5 {[%emt 0:03:42]} 2. Nc3 {[%emt 0:00:00]} Bf5 {[%emt 0:01:49]} 3. f3 {[%emt 0:00:08]} e6 {[%emt 0:06:35]} 4. Bf4 {[%emt 0:00:11]} a6 {[%emt 0:08:15]} 5. g4 {[%emt 0:02:18]} Bg6 {[%emt 0:05:22]} 6. h4 {[%emt 0:00:45]} h5 {[%emt 0:00:55]} 7. g5 {[%emt 0:00:06]} c5 {[%emt 0:00:39]} 8. e3 {[%emt 0:00:10]} Nc6 {[%emt 0:00:13]} 9. Bd3 {[%emt 0:00:28]} cxd4 {[%emt 0:16:55]} 10. exd4 {[%emt 0:01:10]} Bxd3 {[%emt 0:00:20]} 11. Qxd3 {[%emt 0:00:10]} Nge7 {[%emt 0:00:07]} 12. Nge2 {[%emt 0:00:58]} Nf5 {[%emt 0:00:29]} 13. O-O-O {[%emt 0:02:31]} g6 {[%emt 0:02:55]} 14. Be5 {[%emt 0:12:10]} Nxe5 {[%emt 0:02:44]} 15. dxe5 {[%emt 0:00:06]} Bc5 {[%emt 0:00:31]} 16. Rh2 {[%emt 0:02:45]} O-O {[%emt 0:00:37]} 17. Kb1 {[%emt 0:01:54]} Rc8 {[%emt 0:08:46]} 18. f4 {[%emt 0:12:34]} Bb4 {[%emt 0:05:04]} 19. a3 {[%emt 0:04:02]} Bxc3 {[%emt 0:01:37]} 20. Nxc3 {[%emt 0:00:08]} Qa5 {[%emt 0:00:32]} 21. Ne2 {[%emt 0:01:15]} Rc4 {[%emt 0:01:20]} 22. Qd2 {[%emt 0:04:56]} Qb6 {[%emt 0:01:55]} 23. Rh3 {[%emt 0:03:23]} Rfc8 {[%emt 0:01:32]} 24. Rc1 {[%emt 0:02:23]} Qf2 {[%emt 0:01:18]} 0-1

[Event "Irish New Year Events-IM2 2020"]
[Site "Dublin"]
[Date "2020.01.04"]
[Round "5.12"]
[White "Abdulla, Murad"]
[Black "Daly, Colm"]
[Result "1-0"]
[WhiteElo "2257"]
[BlackElo "2238"]
[Annotator "ChessBase"]
[PlyCount "107"]
[EventDate "2020.01.02"]
[EventType "tourn"]
[EventCountry "IRL"]
[SourceTitle "playchess.com"]
[Source "ChessBase"]
[SourceQuality "1"]
[TimeControl "5400+30"]

1. e4 {[%emt 0:00:00]} e6 {[%emt 0:06:21]} 2. d4 {[%emt 0:01:37]} d5 {[%emt 0:00:07]} 3. Nc3 {[%emt 0:00:22]} Nf6 {[%emt 0:00:20]} 4. e5 {[%emt 0:00:11]} Nfd7 {[%emt 0:00:06]} 5. f4 {[%emt 0:00:13]} c5 {[%emt 0:00:02]} 6. Nf3 {[%emt 0:00:07]} Nc6 {[%emt 0:00:06]} 7. Be3 {[%emt 0:00:10]} cxd4 {[%emt 0:00:07]} 8. Nxd4 {[%emt 0:00:05]} Bc5 {[%emt 0:00:06]} 9. Qd2 {[%emt 0:00:08]} a6 {[%emt 0:00:06]} 10. O-O-O {[%emt 0:00:28]} O-O {[%emt 0:00:49]} 11. Kb1 {[%emt 0:03:54]} Bxd4 {[%emt 0:12:02]} 12. Bxd4 {[%emt 0:00:09]} b5 {[%emt 0:00:05]} 13. Be3 {[%emt 0:12:19]} b4 {[%emt 0:01:46]} 14. Na4 {[%emt 0:15:45]} a5 {[%emt 0:00:25]} 15. Bd3 {[%emt 0:17:11]} Ba6 {[%emt 0:02:31]} 16. Qe2 {[%emt 0:00:19]} Qc8 {[%emt 0:05:11]} 17. Rhf1 {[%emt 0:04:45]} Bxd3 {[%emt 0:00:34]} 18. Rxd3 {[%emt 0:02:11]} Ne7 {[%emt 0:01:42]} 19. g4 {[%emt 0:02:09]} Qc6 {[%emt 0:06:39]} 20. b3 {[%emt 0:00:10]} Rac8 {[%emt 0:00:41]} 21. Bd4 {[%emt 0:03:59]} Rc7 {[%emt 0:00:28]} 22. f5 {[%emt 0:02:33]} Rfc8 {[%emt 0:02:25]} 23. Rd2 {[%emt 0:10:00]} Rb8 {[%emt 0:07:54]} 24. Qe3 {[%emt 0:07:25]} Kh8 {[%emt 0:19:38]} 25. Rf3 {[%emt 0:06:00]} Rg8 {[%emt 0:01:33]} 26. Qg5 {[%emt 0:06:14]} Nf8 {[%emt 0:16:48]} 27. Qf4 {[%emt 0:01:01]} Nd7 {[%emt 0:04:44]} 28. Rh3 {[%emt 0:00:28]} g6 {[%emt 0:03:52]} 29. f6 {[%emt 0:01:18]} g5 {[%emt 0:01:18]} 30. Qe3 {[%emt 0:00:20]} Ng6 {[%emt 0:01:24]} 31. Qxg5 {[%emt 0:01:07]} Ngf8 {[%emt 0:00:29]} 32. Qe3 {[%emt 0:01:20]} Rg6 {[%emt 0:02:19]} 33. Rg3 {[%emt 0:00:35]} Qb5 {[%emt 0:01:27]} 34. Rd3 {[%emt 0:01:03]} Rc8 {[%emt 0:01:06]} 35. h4 {[%emt 0:00:32]} h6 {[%emt 0:00:20]} 36. Qd2 {[%emt 0:01:13]} Nh7 {[%emt 0:00:19]} 37. Rg1 {[%emt 0:00:15]} Rcg8 {[%emt 0:00:07]} 38. Rdg3 {[%emt 0:00:11]} Qb8 {[%emt 0:00:03]} 39. Qe3 {[%emt 0:00:20]} Qb5 {[%emt 0:01:19]} 40. Nb2 {[%emt 0:00:24]} Rc8 {[%emt 0:01:07]} 41. Qd2 {[%emt 0:01:10]} Nc5 {[%emt 0:00:26]} 42. Bxc5 {[%emt 0:00:40]} Qxc5 {[%emt 0:00:03]} 43. Nd3 {[%emt 0:00:23]} Qd4 {[%emt 0:00:15]} 44. Qf2 {[%emt 0:00:26]} Qxf2 {[%emt 0:01:47]} 45. Nxf2 {[%emt 0:00:02]} Rgg8 {[%emt 0:00:11]} 46. Nd3 {[%emt 0:00:19]} Nf8 {[%emt 0:00:22]} 47. g5 {[%emt 0:00:02]} hxg5 {[%emt 0:01:16]} 48. hxg5 {[%emt 0:00:10]} Kh7 {[%emt 0:00:12]} 49. Nf4 {[%emt 0:00:31]} Rh8 {[%emt 0:00:39]} 50. g6+ {[%emt 0:00:21]} fxg6 {[%emt 0:00:43]} 51. Nxg6 {[%emt 0:00:07]} Nxg6 {[%emt 0:00:21]} 52. Rh1+ {[%emt 0:00:05]} Kg8 {[%emt 0:00:44]} 53. Rxg6+ {[%emt 0:00:04]} Kf7 {[%emt 0:00:12]} 54. Rg7+ {[%emt 0:00:03]} 1-0

[Event "Irish New Year Events-IM2 2020"]
[Site "Dublin"]
[Date "2020.01.04"]
[Round "5.13"]
[White "Kanyamarala, Trisha"]
[Black "Han, Yichen"]
[Result "1-0"]
[WhiteElo "2195"]
[BlackElo "2257"]
[Annotator "NA"]
[PlyCount "57"]
[EventDate "2020.01.02"]
[EventType "tourn"]
[EventCountry "IRL"]
[SourceTitle "playchess.com"]
[Source "ChessBase"]
[SourceQuality "1"]
[TimeControl "5400+30"]

1. d4 {[%emt 0:00:00]} d5 {[%emt 0:06:36]} 2. c4 {[%emt 0:00:10]} c6 {[%emt 0:00:08]} 3. cxd5 {[%emt 0:00:25]} cxd5 {[%emt 0:00:09]} 4. Nc3 {[%emt 0:01:03]} Nf6 {[%emt 0:00:17]} 5. Bf4 {[%emt 0:00:21]} Nc6 {[%emt 0:00:13]} 6. e3 {[%emt 0:00:30]} Ne4 {[%emt 0:00:53]} 7. Nge2 {[%emt 0:00:39]} Nxc3 {[%emt 0:04:01]} 8. Nxc3 {[%emt 0:00:30]} e6 {[%emt 0:00:31]} 9. Bd3 {[%emt 0:02:11]} Bd6 {[%emt 0:01:38]} 10. Qg4 {[%emt 0:03:29]} Kf8 {[%emt 0:21:36]} 11. Qg3 {[%emt 0:05:39]} Bxf4 {[%emt 0:00:19]} 12. Qxf4 {[%emt 0:00:11]} Qf6 {[%emt 0:00:28]} 13. Qg3 {[%emt 0:03:53]} g6 {[%emt 0:01:34]} 14. O-O {[%emt 0:02:28]} Kg7 {[%emt 0:01:43]} 15. Rac1 {[%emt 0:01:13]} Bd7 {[%emt 0:07:11]} 16. Rfd1 {[%emt 0:02:28]} Rac8 {[%emt 0:01:53]} 17. e4 {[%emt 0:07:06]} Nb4 {[%emt 0:09:23]} 18. Be2 {[%emt 0:03:23]} dxe4 {[%emt 0:01:56]} 19. Qd6 {[%emt 0:01:10]} e3 {[%emt 0:05:46]} 20. fxe3 {[%emt 0:03:59]} Bc6 {[%emt 0:00:24]} 21. Qxb4 {[%emt 0:00:54]} Qg5 {[%emt 0:00:06]} 22. d5 {[%emt 0:02:22]} exd5 {[%emt 0:05:23]} 23. Qd4+ {[%emt 0:00:33]} f6 {[%emt 0:00:07]} 24. h4 {[%emt 0:02:02]} Qg3 {[%emt 0:00:23]} 25. Rf1 {[%emt 0:01:18]} Rhf8 {[%emt 0:00:46]} 26. Rf3 {[%emt 0:01:02]} Qd6 {[%emt 0:00:14]} 27. Rcf1 {[%emt 0:03:00]} Rce8 {[%emt 0:00:16]} 28. Bd3 {[%emt 0:01:04]} Re5 {[%emt 0:00:37]} 29. Ne4 {[%emt 0:05:40]} 1-0

[Event "Irish New Year Events-IM2 2020"]
[Site "Dublin"]
[Date "2020.01.04"]
[Round "5.14"]
[White "Melaugh, Gavin"]
[Black "Alienkin, Aleksander"]
[Result "0-1"]
[WhiteElo "2076"]
[BlackElo "2382"]
[Annotator "TA"]
[PlyCount "64"]
[EventDate "2020.01.02"]
[EventType "tourn"]
[EventCountry "IRL"]
[SourceTitle "playchess.com"]
[Source "ChessBase"]
[SourceQuality "1"]

{[%evp 11,116,-25,-19,-33,-33,-39,-39,-59,-63,-64,-31,-41,-46,-47,-41,-41,-41,-41,-41,-41,-26,-55,-22,-75,-49,-64,0,0,20,0,0,0,0,0,0,-21,-18,-48,-22,-29,-39,-33,-47,-49,-49,-43,-45,-94,-94,-114,-110,-116,-123,-130,-69,-71,-83,-161,-84,-132,-136,-170,-170,-170,-168,-223,-134,-134,-134,-147,-134,-134,-134,-134,-134,-134,-134,-134,-134,-134,-134,-134,-134,-134,-134,-134,-134,-134,-134,-134,-134,-134,-134,-2298,-2272,-2143,-1996,-1787,-1735,-1547,-1308,-29977,-29977,-29976,-29976,-29938,-6107]} 1. f4 d5 2. Nf3 Nf6 3. e3 g6 4. Be2 Bg7 5. O-O O-O 6. d3 b6 7. Qe1 {A03: Bird's Opening with 1...d5} c5 8. Ne5 (8. a4 Nc6 9. Na3 Bb7 10. c3 e6 11. Rb1 Rc8 12. b4 cxb4 13. cxb4 Ne7 14. Nb5 Nf5 15. Nfd4 Nxd4 16. Nxd4 {1-0 (41) Lie,K (2547)-Ostenstad,B (2474) Norway 2010}) 8... Bb7 9. Qh4 $146 {Black is slightly better.} ({Predecessor:} 9. b3 Nfd7 10. Bb2 Nxe5 11. Bxe5 Bxe5 12. fxe5 Nc6 13. Qg3 Qb8 14. e6 fxe6 15. Rxf8+ Kxf8 16. Qh3 Qe5 17. c3 Kg7 18. Bg4 Rf8 19. d4 cxd4 20. exd4 Qe1# {0-1 (20) Vella Ramirez,A (2087)-Chueca Forcen,A (2313) Linares 2013}) 9... Nfd7 10. d4 e6 11. Qh3 Nc6 12. c3 Ncxe5 13. fxe5 Qe7 14. Nd2 f6 15. exf6 $1 Bxf6 16. Nf3 a6 17. Qg4 (17. b4 $11 {keeps the balance.}) 17... e5 18. h4 e4 (18... Bg7 $15 19. h5 exd4 20. cxd4 gxh5 21. Qxh5 Rae8) 19. Ng5 $11 Bxg5 (19... Rae8 {looks sharper.} 20. b3 b5 21. Bb2 Bc6 22. Qg3 a5) 20. hxg5 Rxf1+ 21. Bxf1 Nf8 22. Bd2 Ne6 23. Be1 Rf8 24. Bh4 Bc8 25. Qg3 Ng7 26. Qb8 Nf5 27. Bf2 Qxg5 28. Qe5 Bb7 29. Qe6+ {[#]} Rf7 $1 30. Re1 Nh4 {And now ...Nf3+ would win.} 31. Bxh4 Qxh4 32. Re2 Kg7 {Played: Qh4-f6} 0-1

[Event "Irish New Year Events-IM2 2020"]
[Site "Dublin"]
[Date "2020.01.04"]
[Round "5.15"]
[White "Haque, Muhtarim-Ul"]
[Black "Froewis, Georg"]
[Result "0-1"]
[WhiteElo "2045"]
[BlackElo "2470"]
[Annotator "ChessBase"]
[PlyCount "62"]
[EventDate "2020.01.02"]
[EventType "tourn"]
[EventCountry "IRL"]
[SourceTitle "playchess.com"]
[Source "ChessBase"]
[SourceQuality "1"]
[TimeControl "5400+30"]

1. d4 {[%emt 0:00:00]} d5 {[%emt 0:00:00]} 2. c4 {[%emt 0:00:00]} e6 {[%emt 0:00:00]} 3. Nc3 {[%emt 0:00:00]} c6 {[%emt 0:00:12]} 4. cxd5 {[%emt 0:00:00]} exd5 {[%emt 0:00:04]} 5. Nf3 {[%emt 0:00:24]} Bf5 {[%emt 0:00:05]} 6. Bf4 {[%emt 0:00:44]} Bd6 {[%emt 0:00:05]} 7. Bxd6 {[%emt 0:01:01]} Qxd6 {[%emt 0:00:02]} 8. e3 {[%emt 0:01:34]} Nf6 {[%emt 0:00:02]} 9. Be2 {[%emt 0:00:12]} Nbd7 {[%emt 0:00:08]} 10. O-O {[%emt 0:00:21]} O-O {[%emt 0:00:06]} 11. Nh4 {[%emt 0:00:47]} Bg6 {[%emt 0:00:21]} 12. Nxg6 {[%emt 0:00:41]} hxg6 {[%emt 0:00:02]} 13. Rb1 {[%emt 0:00:47]} a5 {[%emt 0:00:04]} 14. Qc2 {[%emt 0:03:47]} Rfe8 {[%emt 0:00:05]} 15. Bf3 {[%emt 0:07:39]} g5 {[%emt 0:05:54]} 16. Qf5 {[%emt 0:02:57]} Nh7 {[%emt 0:00:17]} 17. e4 {[%emt 0:02:23]} g6 {[%emt 0:14:36]} 18. Qh3 {[%emt 0:00:55]} dxe4 {[%emt 0:00:07]} 19. Nxe4 {[%emt 0:00:18]} Qe7 {[%emt 0:01:13]} 20. Nc3 {[%emt 0:02:06]} Ndf6 {[%emt 0:09:11]} 21. d5 {[%emt 0:05:32]} g4 {[%emt 0:00:06]} 22. Bxg4 {[%emt 0:00:33]} cxd5 {[%emt 0:00:05]} 23. Bd1 {[%emt 0:00:50]} d4 {[%emt 0:04:23]} 24. Nb5 {[%emt 0:00:46]} Rad8 {[%emt 0:00:42]} 25. Bb3 {[%emt 0:00:42]} Qe4 {[%emt 0:21:27]} 26. Qg3 {[%emt 0:04:44]} Re5 {[%emt 0:03:08]} 27. a4 {[%emt 0:06:55]} Nh5 {[%emt 0:01:48]} 28. Qf3 {[%emt 0:03:03]} Qxf3 {[%emt 0:00:06]} 29. gxf3 {[%emt 0:00:01]} Ng5 {[%emt 0:00:15]} 30. Kg2 {[%emt 0:02:26]} Nf4+ {[%emt 0:00:13]} 31. Kh1 {[%emt 0:01:18]} Nxf3 {[%emt 0:00:46]} 0-1

[Event "Irish New Year Events-IM2 2020"]
[Site "Dublin"]
[Date "2020.01.05"]
[Round "6.11"]
[White "Baburin, Alexander"]
[Black "Froewis, Georg"]
[Result "1-0"]
[WhiteElo "2419"]
[BlackElo "2470"]
[Annotator "TA"]
[PlyCount "85"]
[EventDate "2020.01.02"]
[EventType "tourn"]
[EventCountry "IRL"]
[SourceTitle "playchess.com"]
[Source "ChessBase"]
[SourceQuality "1"]

{[%evp 12,85,8,0,10,0,16,10,4,0,6,6,22,12,19,-6,-7,-28,0,-4,0,-16,0,0,0,5,31,39,40,39,36,7,0,0,17,-19,18,12,20,22,0,13,131,119,144,117,142,39,33,49,204,209,316,292,298,302,304,301,287,286,807,722,867,852,831,803,764,591,991,968,816,716,1497,1395,1250,819]} 1. d4 e6 2. c4 d5 3. Nf3 Nf6 4. g3 Bb4+ 5. Bd2 Be7 6. Bg2 c6 7. Qc2 Nbd7 {E11: Bogo-Indian} 8. O-O b6 (8... O-O 9. b3 a5 10. Bc3 b6 11. Nbd2 Bb7 12. e4 dxe4 13. Nxe4 c5 14. Nxf6+ Nxf6 15. Rad1 Qc7 16. dxc5 bxc5 17. Ng5 Bxg2 18. Bxf6 {0-1 (37) Vidit,S (2721)-Sarana,A (2663) Moscow 2019}) 9. a4 Ba6 {The position is equal.} 10. b3 Ne4 11. Rc1 O-O 12. Be1 f5 13. Na3 Rc8 14. Qa2 $146 ({Predecessor:} 14. b4 Bb7 15. Qb2 a6 16. c5 b5 17. Ne5 Bf6 18. f3 Ng5 {0-1 (60) Tatai,S (2480)-Seirawan,Y (2510) Torremolinos 1980}) 14... Bf6 15. b4 Bb7 16. Rab1 g5 17. e3 Bg7 18. Nd2 Kh8 (18... Qe8 {feels hotter.} 19. a5 Qf7 20. f3 Nef6 21. Nc2 g4) 19. Nxe4 fxe4 20. Qe2 Qe7 21. Bc3 Rf7 22. Rf1 {[#]} a5 $1 {[%mdl 512]} 23. f3 (23. bxa5 Qxa3) 23... axb4 (23... exf3 {looks sharper.} 24. Rxf3 Rxf3 25. Bxf3 Ra8 26. Nc2 axb4 27. Bxb4 Qf6) 24. Bxb4 c5 25. dxc5 bxc5 {[#]} 26. Bc3 $1 {[%cal Rc3g7][%mdl 512]} Bxc3 (26... exf3 $11 {keeps the balance.} 27. Rxf3 Rxf3 28. Bxf3 Ne5 29. Bxe5 Bxe5) 27. Rxb7 $16 Rcf8 28. Nb5 Bb4 29. fxe4 (29. f4 $1 $16) 29... Rxf1+ $1 $14 30. Bxf1 d4 $2 {[#]} ({Black should play} 30... dxc4 $14 31. e5 (31. Qxc4 Qf6 $14) 31... c3) 31. e5 $1 $18 ({Don't do} 31. exd4 $6 cxd4 32. Qd1 (32. Nxd4 $2 Bc5 $19) 32... Bc5 $16) 31... dxe3 (31... Qg7 $142 32. a5 (32. exd4 cxd4 33. Nd6 Bc5 $16) 32... Bxa5 33. exd4 cxd4) 32. Qxe3 Qg7 33. Qe2 g4 34. Ra7 h5 {[#]} 35. a5 $1 {[%cal Ba4a5,Ba5a6][%mdl 32]} Rf7 $2 (35... h4 36. gxh4 Bxa5 37. Rxa5 Nxe5) 36. a6 {White is clearly winning.} Ba5 37. Rb7 Bb6 38. a7 Bxa7 39. Rxa7 h4 40. Nd6 {[%cal Bb5d6,Bd6e4,Be4f6][%mdl 32]} Rf8 41. Ne4 h3 {[#]} 42. Nf6 $1 Rf7 (42... Nxf6 43. Rxg7) 43. Qxg4 {Accuracy: White = 69%, Black = 33%.} 1-0

[Event "Irish New Year Events-IM2 2020"]
[Site "Dublin"]
[Date "2020.01.05"]
[Round "6.12"]
[White "Alienkin, Aleksander"]
[Black "Haque, Muhtarim-Ul"]
[Result "1/2-1/2"]
[WhiteElo "2382"]
[BlackElo "2045"]
[Annotator "ChessBase"]
[PlyCount "76"]
[EventDate "2020.01.02"]
[EventType "tourn"]
[EventCountry "IRL"]
[SourceTitle "playchess.com"]
[Source "ChessBase"]
[SourceQuality "1"]
[TimeControl "40/5400+30:1800+30"]

1. e4 {[%emt 0:05:21]} e6 {[%emt 0:00:00]} 2. d4 {[%emt 0:00:51]} d5 {[%emt 0:00:00]} 3. Bd3 {[%emt 0:00:17]} c5 {[%emt 0:01:31]} 4. c3 {[%emt 0:09:00]} cxd4 {[%emt 0:01:48]} 5. cxd4 {[%emt 0:02:17]} dxe4 {[%emt 0:00:15]} 6. Bxe4 {[%emt 0:00:04]} Nf6 {[%emt 0:00:18]} 7. Bd3 {[%emt 0:01:47]} Nc6 {[%emt 0:02:08]} 8. Nf3 {[%emt 0:00:26]} Be7 {[%emt 0:03:20]} 9. O-O {[%emt 0:03:01]} O-O {[%emt 0:00:12]} 10. Nc3 {[%emt 0:00:17]} b6 {[%emt 0:01:04]} 11. a3 {[%emt 0:03:25]} Bb7 {[%emt 0:01:15]} 12. Re1 {[%emt 0:01:41]} a6 {[%emt 0:06:53]} 13. Be3 {[%emt 0:13:35]} Qd6 {[%emt 0:03:24]} 14. d5 {[%emt 0:10:57]} Nd8 {[%emt 0:05:47]} 15. dxe6 {[%emt 0:09:23]} Nxe6 {[%emt 0:00:43]} 16. Bc4 {[%emt 0:03:39]} Qc6 {[%emt 0:06:33]} 17. Bxe6 {[%emt 0:04:25]} fxe6 {[%emt 0:00:08]} 18. Rc1 {[%emt 0:02:15]} Ng4 {[%emt 0:09:23]} 19. Ne2 {[%emt 0:10:28]} Nxe3 {[%emt 0:06:34]} 20. fxe3 {[%emt 0:00:12]} Bc5 {[%emt 0:09:09]} 21. Ned4 {[%emt 0:00:59]} Qe4 {[%emt 0:00:38]} 22. b4 {[%emt 0:03:32]} Bd6 {[%emt 0:01:51]} 23. Qb3 {[%emt 0:01:28]} Bd5 {[%emt 0:02:55]} 24. Qc2 {[%emt 0:00:26]} Qg4 {[%emt 0:00:50]} 25. e4 {[%emt 0:00:30]} Bb7 {[%emt 0:00:31]} 26. h3 {[%emt 0:01:00]} Qg3 {[%emt 0:03:10]} 27. Qf2 {[%emt 0:01:59]} Qg6 {[%emt 0:06:24]} 28. e5 {[%emt 0:00:37]} Bxf3 {[%emt 0:00:42]} 29. Nxf3 {[%emt 0:00:24]} Bb8 {[%emt 0:00:11]} 30. Red1 {[%emt 0:01:21]} Ra7 {[%emt 0:02:31]} 31. Qc2 {[%emt 0:02:17]} Qh6 {[%emt 0:05:28]} 32. Qd2 {[%emt 0:01:11]} Qg6 {[%emt 0:01:40]} 33. Qd3 {[%emt 0:00:20]} Qg3 {[%emt 0:00:53]} 34. Rc4 {[%emt 0:01:01]} h5 {[%emt 0:18:51]} 35. Re4 {[%emt 0:01:39]} Raf7 {[%emt 0:00:00]} 36. Rf1 {[%emt 0:00:27]} b5 {[%emt 0:00:00]} 37. Kh1 {[%emt 0:00:30]} Bxe5 {[%emt 0:01:30]} 38. Rxe5 {[%emt 0:05:58]} Rxf3 {[%emt 0:00:30]} 1/2-1/2

[Event "Irish New Year Events-IM2 2020"]
[Site "Dublin"]
[Date "2020.01.05"]
[Round "6.13"]
[White "Han, Yichen"]
[Black "Melaugh, Gavin"]
[Result "1-0"]
[WhiteElo "2257"]
[BlackElo "2076"]
[Annotator "NA"]
[PlyCount "39"]
[EventDate "2020.01.02"]
[EventType "tourn"]
[EventCountry "IRL"]
[SourceTitle "playchess.com"]
[Source "ChessBase"]
[SourceQuality "1"]
[TimeControl "40/5400+30:1800+30"]

1. d4 {[%emt 0:00:00]} f5 {[%emt 0:00:38]} 2. Nf3 {[%emt 0:00:00]} e6 {[%emt 0:00:09]} 3. Bf4 {[%emt 0:00:00]} Nf6 {[%emt 0:00:06]} 4. e3 {[%emt 0:00:04]} b6 {[%emt 0:01:19]} 5. Nbd2 {[%emt 0:00:31]} Bb7 {[%emt 0:00:07]} 6. Bd3 {[%emt 0:00:07]} Be7 {[%emt 0:01:21]} 7. h3 {[%emt 0:00:09]} O-O {[%emt 0:00:05]} 8. c3 {[%emt 0:00:55]} Ne4 {[%emt 0:01:05]} 9. Rg1 {[%emt 0:02:02]} c5 {[%emt 0:11:36]} 10. g4 {[%emt 0:05:41]} d5 {[%emt 0:26:10]} 11. gxf5 {[%emt 0:09:23]} exf5 {[%emt 0:00:14]} 12. Ne5 {[%emt 0:00:45]} Nd7 {[%emt 0:12:21]} 13. Bxe4 {[%emt 0:00:36]} dxe4 {[%emt 0:03:49]} 14. Qb3+ {[%emt 0:00:13]} Kh8 {[%emt 0:00:22]} 15. Nf7+ {[%emt 0:00:14]} Rxf7 {[%emt 0:00:07]} 16. Qxf7 {[%emt 0:00:07]} Bf6 {[%emt 0:01:30]} 17. Nc4 {[%emt 0:00:41]} cxd4 {[%emt 0:02:54]} 18. exd4 {[%emt 0:02:25]} Nc5 {[%emt 0:10:14]} 19. dxc5 {[%emt 0:03:15]} Bd5 {[%emt 0:00:04]} 20. Nd6 {[%emt 0:01:10]} 1-0

[Event "Irish New Year Events-IM2 2020"]
[Site "Dublin"]
[Date "2020.01.05"]
[Round "6.14"]
[White "Daly, Colm"]
[Black "Kanyamarala, Trisha"]
[Result "0-1"]
[WhiteElo "2238"]
[BlackElo "2195"]
[Annotator "ChessBase"]
[PlyCount "84"]
[EventDate "2020.01.02"]
[EventType "tourn"]
[EventCountry "IRL"]
[SourceTitle "playchess.com"]
[Source "ChessBase"]
[SourceQuality "1"]
[TimeControl "40/5400+30:1800+30"]

1. e4 {[%emt 0:00:00]} c5 {[%emt 0:00:00]} 2. Nf3 {[%emt 0:00:00]} Nc6 {[%emt 0:00:01]} 3. d4 {[%emt 0:00:09]} cxd4 {[%emt 0:00:19]} 4. Nxd4 {[%emt 0:00:03]} Nf6 {[%emt 0:00:27]} 5. Nc3 {[%emt 0:00:02]} d6 {[%emt 0:00:15]} 6. Bg5 {[%emt 0:00:02]} e6 {[%emt 0:00:25]} 7. Qd2 {[%emt 0:00:03]} a6 {[%emt 0:00:07]} 8. O-O-O {[%emt 0:00:09]} Bd7 {[%emt 0:00:20]} 9. f4 {[%emt 0:00:06]} b5 {[%emt 0:00:47]} 10. Bxf6 {[%emt 0:00:09]} gxf6 {[%emt 0:08:06]} 11. Kb1 {[%emt 0:03:04]} Qb6 {[%emt 0:11:10]} 12. Nf3 {[%emt 0:03:56]} h5 {[%emt 0:04:29]} 13. e5 {[%emt 0:06:23]} fxe5 {[%emt 0:14:04]} 14. fxe5 {[%emt 0:04:01]} d5 {[%emt 0:02:16]} 15. Ne4 {[%emt 0:00:18]} O-O-O {[%emt 0:02:08]} 16. Neg5 {[%emt 0:03:44]} Be8 {[%emt 0:03:25]} 17. Bd3 {[%emt 0:01:04]} Be7 {[%emt 0:03:06]} 18. h4 {[%emt 0:01:53]} Na5 {[%emt 0:07:50]} 19. Qf4 {[%emt 0:03:44]} Nc4 {[%emt 0:02:02]} 20. Rhe1 {[%emt 0:03:26]} Rd7 {[%emt 0:02:05]} 21. Nh7 {[%emt 0:03:55]} Rc7 {[%emt 0:03:06]} 22. Nf6 {[%emt 0:03:05]} Bc6 {[%emt 0:02:59]} 23. Ng5 {[%emt 0:02:40]} Bc5 {[%emt 0:00:56]} 24. Bxc4 {[%emt 0:02:00]} bxc4 {[%emt 0:00:16]} 25. c3 {[%emt 0:00:16]} Rb7 {[%emt 0:02:20]} 26. Re2 {[%emt 0:01:23]} Ba4 {[%emt 0:01:52]} 27. Rdd2 {[%emt 0:04:32]} Qa5 {[%emt 0:03:20]} 28. Nxd5 {[%emt 0:28:39]} exd5 {[%emt 0:00:37]} 29. Rxd5 {[%emt 0:00:21]} Bc6 {[%emt 0:06:43]} 30. Rdd2 {[%emt 0:02:52]} Qc7 {[%emt 0:03:13]} 31. Qf5+ {[%emt 0:01:22]} Bd7 {[%emt 0:01:47]} 32. Qf6 {[%emt 0:02:00]} Rf8 {[%emt 0:02:08]} 33. Qxa6 {[%emt 0:00:40]} Kb8 {[%emt 0:04:58]} 34. Qf6 {[%emt 0:05:41]} Rb6 {[%emt 0:00:29]} 35. Qf4 {[%emt 0:03:15]} f6 {[%emt 0:01:15]} 36. Nf3 {[%emt 0:03:37]} fxe5 {[%emt 0:00:38]} 37. Qxe5 {[%emt 0:00:12]} Bd6 {[%emt 0:02:16]} 38. Qxh5 {[%emt 0:01:02]} Bf5+ {[%emt 0:02:37]} 39. Ka1 {[%emt 0:00:18]} Ra6 {[%emt 0:02:29]} 40. a3 {[%emt 0:02:23]} Qb6 {[%emt 0:00:51]} 41. b4 {[%emt 0:37:23]} cxb3 {[%emt 0:30:35]} 42. Re8+ {[%emt 0:00:26]} Kb7 {[%emt 0:00:31]} 0-1